000 00302nam a2200133Ia 4500
008 240624s9999 xx 000 0 und d
041 _aeng
082 _a332.6 KEV
100 _aKEVIN S
245 _aPORTFOLIO MANAGEMENT
260 _c2004
_aNew Delhi
_bPrentice-Hall
300 _ax, : 170
365 _cRS
999 _c218
_d218